000 01167cam a22002054a 4500
005 20250605164241.0
008 250528s ||||||||||||||||||||||||d
035 _a21328
020 _a9781597490993
040 _aGR-AtMCL
_bgre
_dGR-AtMCL
_eAACR2
245 1 _aSnort / IDS and IPS Toolkit
260 _bSyngress Publishing, Inc,
_c2007
300 _a734
520 _aThe book teaches the fundamentals of the network analysis craft, how to install Snort, configuration of the machine to get maximum value, the architectural issues to consider when deploying this capability, tuning the rules to get the results you need, and testing to make sure it is operating in the manner you need it to operate. Includes CD-ROM. Foreword, Intrusion Detection Systems, Introducing Snort 2.6, Installing Snort 2.6, Configuring Snort and Add-Ons, Inner Workings, Preprocessors, Playing by the Rules, Snort Output Plug-Ins, Exploring IDS Analysis and Snort Style, Optimizing Snort, Active Response, Advanced Snort, Mucking Around with Barnyard, Index.
700 1 _aBaker Andrew R.
_97379
700 1 _aEsler Joel
_97380
942 _cBK
999 _c6393
_d6393